000 00796nam a22002890a 4500
001 PT36014
003 AR-LpoUNG
005 20210131230332.0
008 191001s2008||||ag |||||||||||||||||spa d
020 _a9789879397886
_c$50
040 _aAR-LpoUNG
_bspa
_cAR-LpoUNG
_eaacr
041 _aspa
044 _aag
082 0 _aA863 859uno
100 1 _aGrillo Trubba, Diego
_esel.
245 1 0 _aUno a uno :
_blos mejores narradores de la nueva generación escriben sobre los 90
250 _a1§ edición
260 _aBuenos Aires :
_bMondadori,
_c2008.
300 _a278 p. :
_bil.
650 4 _aANALISIS HISTORICO
650 4 _aARGENTINA
650 4 _aASPECTOS SOCIALES
650 4 _aLITERATURA
651 4 _aDOCUMENTOS TEORICOS O METODOLOGICOS
905 _a36014
942 _cLIB
999 _c2873
_d2873